000 01077nam a22003377a 4500
003 CHAP
005 20220329140728.0
008 971013s1958 r 00010 d
010 _a56666
011 _a57638
035 _a61793
040 _cCHAP
082 _a633.51
_bS24
100 0 0 _aSchmitz, G.
_9103080
245 _aHelopeltis du cotonnier en Afrique centrale
260 _a(Bruxelles) :
_binstitut National pour L'Etude Agronomique ddu Congo Belge,
_c1958
300 _a178 p.
_b: ilus.
490 _aSerie Scientifique
_v; 71
590 _aBATCH-UPD
_b10
_c20130110
_lUCH01
_h0331
590 _aBATCH-UPD
_b10
_c20130110
_lUCH01
_h1625
590 _aBATCH-UPD
_b10
_c20130410
_lUCH01
_h0004
590 _aBATCH-UPD
_b10
_c20130914
_lUCH01
_h0048
590 _aCONVERSION
_b10
_c20130109
_lUCH01
_h1330
650 1 4 _aAlgodón
_xAfrica.
_93961
650 1 4 _aAlgodón
_xPlagas.
_94046
650 1 4 _aHelopeltis.
_953485
830 0 _aSerie Scientifique
_v; 71
_9105032
901 _aBK
942 _cLIBRO
949 _a633.51 S24
_bBC
_cLIBRO
_d-132647
_eLIBRO
_h42656
_i61793
_si
999 _c56666
_d56666